000 00762nam a22002177a 4500
003 UA-OsUOA
001 42161
007 ta
008 20081127b un ||||| |||| 00| 0 ukr d
090 _a050
_bВ55
942 _cMG
040 _aUA-OsUOA
_bukr
_cUA-OsUOA
_dUA-OsUOA
245 _aВіра й культура
_bМісячник української богословської думки й культури
955 _a4
041 _aukr
080 _a050
260 _aВінніпег
310 _aСічень,1956 рік число 3(27)
650 7 _a050 Серійні публікації. Періодика галузі, Організація та інші типи поєднання (співробітництва)
_2UDC
999 _c440660
_d440660